[Event "Aeroflot Open"]
[Site "Moscow RUS"]
[Date "2009.02.24"]
[EventDate "2009.02.17"]
[Round "8"]
[Result "0-1"]
[White "Shen Yang"]
[Black "Loek van Wely"]
[WhiteElo "2448"]
[BlackElo "2625"]
[PlyCount "73"]

1. d4 Nf6 2. c4 g6 3. Nc3 Bg7 4. e4 d6 5. Nf3 O-O 6. Be2 e5
7. O-O Nc6 8. d5 Ne7 9. Nd2 a5 10. a3 Bd7 11. b3 c6 12. Bb2
Bh6 13. dxc6 Nxc6 14. Nb5 Be6 15. Bd3 Nd7 16. Nb1 Nc5 17. N1c3
Na7 18. Nxa7 Rxa7 19. Bc2 Ra6 20. Qe2 Rc6 21. Rad1 Qb6 22. Nb5
a4 23. b4 Nb3 24. Bd3 Rfc8 25. Kh1 Bf8 26. Nc3 Rxc4 27. Bxc4
Bxc4 28. Qg4 Bxf1 29. Rxf1 Rc4 30. Qe2 Qc6 31. Qe3 Rd4 32. Nd5
Rd2 33. Nf6+ Kg7 34. Nh5+ Kh8 35. Qf4 Qc4 36. Kg1 Rxb2
37. Qf6+ 0-1

[Event "Aeroflot Open"]
[Site "Moscow RUS"]
[Date "2009.02.25"]
[EventDate "2009.02.17"]
[Round "9"]
[Result "1-0"]
[White "Mateusz Bartel"]
[Black "Shen Yang"]
[WhiteElo "2594"]
[BlackElo "2448"]
[PlyCount "67"]

1. f4 d5 2. Nf3 g6 3. g3 Bg7 4. Bg2 Nf6 5. O-O O-O 6. d3 c6
7. e3 a5 8. Qe2 a4 9. a3 Nfd7 10. Nc3 b5 11. e4 e6 12. Be3 Na6
13. Qf2 Rb8 14. h3 Bb7 15. g4 dxe4 16. dxe4 c5 17. Rad1 Qe7
18. e5 b4 19. axb4 Bxf3 20. Bxf3 Rxb4 21. g5 Rc8 22. Ra1 Rxb2
23. Nxa4 Rb4 24. Nc3 Nc7 25. Ra7 h6 26. h4 hxg5 27. hxg5 c4
28. Ne4 Nb5 29. Nf6+ Bxf6 30. gxf6 Qd8 31. Rxd7 Qxd7 32. Qh4
Nd4 33. Be4 Qd8 34. Kf2 1-0

[Event "FIDE Women's Grand Prix"]
[Site "Instanbul TUR"]
[Date "2009.03.07"]
[EventDate "2009.03.07"]
[Round "1"]
[Result "1-0"]
[White "Zhao Xue"]
[Black "Shen Yang"]
[WhiteElo "2508"]
[BlackElo "2448"]
[PlyCount "57"]

1. d4 d5 2. c4 c6 3. Nf3 Nf6 4. Nc3 dxc4 5. a4 Bf5 6. Ne5 Nbd7
7. Nxc4 Nb6 8. Ne5 a5 9. e3 h6 10. f3 Nfd7 11. e4 Nxe5
12. exf5 Nec4 13. Qb3 Nd6 14. Bd3 Nd7 15. Be3 Qb6 16. Qc2 Nf6
17. O-O Rc8 18. Rac1 Qb4 19. Bf2 b5 20. Nxb5 cxb5 21. Qxc8+
Nxc8 22. Rxc8+ Kd7 23. Rfc1 e6 24. Bxb5+ Ke7 25. R1c7+ Kd6
26. Bg3+ Kd5 27. Rd8+ Bd6 28. Rxd6+ Qxd6 29. Bc4+ 1-0

[Event "FIDE Women's Grand Prix"]
[Site "Instanbul TUR"]
[Date "2009.03.08"]
[EventDate "2009.03.07"]
[Round "2"]
[Result "1/2-1/2"]
[White "Shen Yang"]
[Black "Marie Sebag"]
[WhiteElo "2448"]
[BlackElo "2529"]
[PlyCount "124"]

1. d4 d5 2. c4 c6 3. Nf3 Nf6 4. Nc3 e6 5. e3 Nbd7 6. Bd3 dxc4
7. Bxc4 b5 8. Bd3 a6 9. O-O Bb7 10. e4 c5 11. d5 c4 12. Bc2
Qc7 13. dxe6 fxe6 14. Ng5 Nc5 15. e5 Qxe5 16. Re1 Qd6 17. Qxd6
Bxd6 18. Be3 O-O 19. Rad1 Be7 20. Bxc5 Bxc5 21. Nxe6 Rfc8
22. h3 Rab8 23. g4 Bf3 24. Rd2 Bb4 25. Re5 Re8 26. Re3 Bb7
27. Rde2 g6 28. Kf1 Re7 29. f4 Bxc3 30. Rxc3 Nd5 31. Rg3 Nxf4
32. Nxf4 Rf7 33. Rf2 Rbf8 34. Nd3 Be4 35. Rxf7 Rxf7+ 36. Ke2
cxd3+ 37. Bxd3 Bd5 38. a3 g5 39. Re3 h6 40. Bf5 Rc7 41. Re8+
Kg7 42. Rd8 Re7+ 43. Kd2 Be6 44. Bd3 h5 45. gxh5 Rd7 46. Rxd7+
Bxd7 47. Be4 Bxh3 48. b4 Kh6 49. Bb7 Bd7 50. Ke3 Kxh5 51. Kf2
Kg4 52. Kg2 Kf4 53. Kf2 g4 54. Bxa6 Bc6 55. Bc8 g3+ 56. Kg1
Ke3 57. Ba6 Ke4 58. Kf1 Ke5 59. Kg1 Kf4 60. Kf1 Ke3 61. Kg1
Kd4 62. Bxb5 Ke5 1/2-1/2

[Event "FIDE Women's Grand Prix"]
[Site "Instanbul TUR"]
[Date "2009.03.09"]
[EventDate "2009.03.07"]
[Round "3"]
[Result "1/2-1/2"]
[White "Elina Danielian"]
[Black "Shen Yang"]
[WhiteElo "2496"]
[BlackElo "2448"]
[PlyCount "128"]

1. d4 d5 2. Nf3 Nf6 3. c4 c6 4. e3 Bg4 5. Nc3 e6 6. h3 Bxf3
7. Qxf3 Bb4 8. Bd3 Nbd7 9. O-O O-O 10. Bd2 Qe7 11. a3 Bxc3
12. Bxc3 e5 13. Qd1 e4 14. Be2 Rfe8 15. Qb3 Nb6 16. Bb4 Qd7
17. cxd5 Nbxd5 18. Bd2 g6 19. Qc2 Kg7 20. a4 Re6 21. b4 a6
22. b5 axb5 23. axb5 Rxa1 24. Rxa1 cxb5 25. Qc5 Rc6 26. Qxb5
Rc2 27. Qxd7 Nxd7 28. Rd1 N7b6 29. Bb5 f5 30. Ba5 Nc8 31. Rb1
Nd6 32. Bf1 Kf6 33. Bd8+ Ke6 34. Bh4 f4 35. exf4 Nf5 36. Bd8
Nxd4 37. Bb6 Nc3 38. Rb4 Nc6 39. Rb3 Rc1 40. g3 Nd5 41. Be3
Nxe3 42. fxe3 Ne7 43. Rb6+ Kd5 44. g4 Rc7 45. Rb5+ Kd6 46. Rb4
Nd5 47. Rxe4 Rc1 48. Kf2 Nc3 49. Rd4+ Kc5 50. Bd3 b5 51. f5
gxf5 52. gxf5 Nd5 53. Bxb5 Rh1 54. Bf1 Nxe3 55. Kxe3 Rxf1
56. Rf4 Re1+ 57. Kf3 Kd5 58. f6 Re8 59. Kg4 Ke5 60. Rf1 Rg8+
61. Kh5 Ke6 62. Kh6 Rg6+ 63. Kxh7 Rxf6 64. Rxf6+ Kxf6 1/2-1/2

[Event "FIDE Women's Grand Prix"]
[Site "Instanbul TUR"]
[Date "2009.03.10"]
[EventDate "2009.03.07"]
[Round "4"]
[Result "1/2-1/2"]
[White "Koneru Humpy"]
[Black "Shen Yang"]
[WhiteElo "2621"]
[BlackElo "2448"]
[PlyCount "77"]

1. Nf3 d5 2. e3 Nf6 3. c4 c6 4. Nc3 a6 5. Qc2 g6 6. b3 Bg7
7. Bb2 O-O 8. Be2 Re8 9. O-O Bf5 10. Qd1 e5 11. d4 e4 12. Nd2
Nbd7 13. b4 Bf8 14. Qb3 Be6 15. a4 dxc4 16. Bxc4 b5 17. Bxe6
Rxe6 18. Qc2 Nb6 19. axb5 axb5 20. Rxa8 Qxa8 21. Ndxe4 Nxe4
22. Nxe4 Qa4 23. Qd3 Qxb4 24. Bc3 Qc4 25. Qxc4 Nxc4 26. Nc5
Re8 27. Ra1 Bxc5 28. dxc5 Rb8 29. Kf1 b4 30. Bd4 f5 31. Ke2
Kf7 32. Ra7+ Ke6 33. Kd3 Ne5+ 34. Kc2 b3+ 35. Kb1 Nc4 36. Rc7
Kd5 37. Rd7+ Ke6 38. Rc7 Kd5 39. Be5 1/2-1/2

[Event "FIDE Women's Grand Prix"]
[Site "Instanbul TUR"]
[Date "2009.03.12"]
[EventDate "2009.03.07"]
[Round "5"]
[Result "0-1"]
[White "Shen Yang"]
[Black "Maia Chiburdanidze"]
[WhiteElo "2448"]
[BlackElo "2516"]
[PlyCount "98"]

1. d4 Nf6 2. c4 e6 3. Nc3 Bb4 4. Qc2 O-O 5. a3 Bxc3+ 6. Qxc3
b6 7. Bg5 Bb7 8. f3 d6 9. Nh3 h6 10. Bh4 Nbd7 11. e3 e5
12. Be2 Re8 13. dxe5 Nxe5 14. Bg3 Qe7 15. O-O Ng6 16. e4 Nh5
17. Rfd1 Bc8 18. Nf2 Qg5 19. Nh1 f5 20. Bd3 Nhf4 21. Nf2 Nxd3
22. Nxd3 fxe4 23. fxe4 Rxe4 24. Re1 Bb7 25. Nf2 Ree8 26. Qd4
h5 27. Nh3 Qf5 28. Rf1 Qe4 29. Qxe4 Rxe4 30. Nf4 h4 31. Nxg6
hxg3 32. hxg3 Rae8 33. Rf4 Rxf4 34. Nxf4 g5 35. Nd5 Re2 36. b4
c6 37. Kf1 Re5 38. Nc3 Ba6 39. b5 cxb5 40. cxb5 Bxb5+ 41. Nxb5
Rxb5 42. Rd1 d5 43. Kf2 Kf7 44. Kf3 Rc5 45. Rd3 Kf6 46. Kg4
Kg6 47. Kf3 Kf5 48. Ke3 Ke5 49. Kf3 Rc4 0-1

[Event "FIDE Women's Grand Prix"]
[Site "Instanbul TUR"]
[Date "2009.03.13"]
[EventDate "2009.03.07"]
[Round "6"]
[Result "1-0"]
[White "Zeinab Mamedjarova"]
[Black "Shen Yang"]
[WhiteElo "2362"]
[BlackElo "2448"]
[PlyCount "73"]

1. d4 Nf6 2. c4 e6 3. Nf3 b6 4. g3 Ba6 5. b3 d5 6. Bg2 Bb4+
7. Bd2 Bd6 8. Bc3 Ne4 9. Bb2 Nd7 10. Nc3 Nxc3 11. Bxc3 c6
12. Nd2 O-O 13. e4 dxc4 14. e5 Be7 15. bxc4 Qc7 16. O-O Rfd8
17. Re1 Rac8 18. a4 Nf8 19. a5 Bb7 20. c5 bxc5 21. a6 Ba8
22. Ba5 Qd7 23. dxc5 Bxc5 24. Bxd8 Rxd8 25. Nb3 Qe7 26. Qe2
Bb6 27. Red1 Nd7 28. Rac1 Rc8 29. Nd4 c5 30. Bxa8 Rxa8 31. Qe4
Rf8 32. Nc6 Qe8 33. Nxa7 Nxe5 34. Qxe5 Bxa7 35. Qc7 Qa8
36. Rd7 Bb8 37. Qb7 1-0

[Event "FIDE Women's Grand Prix"]
[Site "Instanbul TUR"]
[Date "2009.03.14"]
[EventDate "2009.03.07"]
[Round "7"]
[Result "1/2-1/2"]
[White "Shen Yang"]
[Black "Antoaneta Stefanova"]
[WhiteElo "2448"]
[BlackElo "2557"]
[PlyCount "47"]

1. e4 e5 2. Nf3 Nc6 3. Bb5 Nge7 4. c3 d5 5. d3 dxe4 6. dxe4
Qxd1+ 7. Kxd1 f6 8. Be3 Bd7 9. Nbd2 O-O-O 10. a4 g5 11. Kc2 h5
12. Rhd1 Bh6 13. g3 h4 14. Nb3 a6 15. Bc4 Bg4 16. Rxd8+ Nxd8
17. Nfd2 hxg3 18. hxg3 Bf8 19. Nc5 Rh2 20. b4 Bh6 21. Nd3 Bd7
22. Nc5 Bg4 23. Nd3 Bd7 24. Nc5 1/2-1/2

[Event "FIDE Women's Grand Prix"]
[Site "Instanbul TUR"]
[Date "2009.03.15"]
[EventDate "2009.03.07"]
[Round "8"]
[Result "1-0"]
[White "Pia Cramling"]
[Black "Shen Yang"]
[WhiteElo "2548"]
[BlackElo "2448"]
[PlyCount "51"]

1. d4 d5 2. c4 c6 3. Nf3 Nf6 4. Nc3 e6 5. Bg5 dxc4 6. a4 Bb4
7. e3 b5 8. Be2 Bb7 9. O-O a6 10. Ne5 Nbd7 11. f4 Qc7 12. Bf3
Nd5 13. Qe1 Nxc3 14. bxc3 Bd6 15. Qh4 O-O 16. Nxd7 Qxd7
17. Bf6 Rfe8 18. Be4 gxf6 19. Qh6 c5 20. Bxh7+ Kh8 21. Bc2+
Kg8 22. Bh7+ Kh8 23. Bc2+ Kg8 24. Rf3 Bxf3 25. gxf3 cxd4
26. Kh1 1-0

[Event "FIDE Women's Grand Prix"]
[Site "Instanbul TUR"]
[Date "2009.03.17"]
[EventDate "2009.03.07"]
[Round "9"]
[Result "0-1"]
[White "Shen Yang"]
[Black "Betul Cemre Yildiz"]
[WhiteElo "2448"]
[BlackElo "2214"]
[PlyCount "104"]

1. e4 e5 2. Nf3 Nc6 3. Bb5 a6 4. Ba4 Nf6 5. O-O b5 6. Bb3 Bb7
7. d3 Be7 8. Nbd2 O-O 9. Re1 d6 10. a3 Na5 11. Ba2 c5 12. Nf1
h6 13. Ne3 Re8 14. b4 Nc6 15. c3 Bf8 16. Bb2 Qd7 17. Qb3 a5
18. bxc5 dxc5 19. Qxb5 Ba6 20. Qa4 Reb8 21. Bd5 Bb5 22. Qd1
Nxd5 23. exd5 Ne7 24. Nxe5 Qc7 25. c4 Ba4 26. Qe2 Rxb2
27. Qxb2 Rb8 28. Qc3 Rb3 29. d6 Qxd6 30. Qxa5 Be8 31. Qa8 Rb8
32. Qe4 f6 33. Nf3 Bg6 34. Qg4 f5 35. Qh4 Bf7 36. Ne5 Qxe5
37. Nd5 Ng6 38. Rxe5 Nxh4 39. Ne7+ Kh7 40. Nxf5 Nxf5 41. Rxf5
Bg6 42. Rd5 Rb3 43. a4 Bxd3 44. a5 Bxc4 45. Rd7 Bb5 46. Rb7 c4
47. h4 c3 48. Rc1 Ba3 49. Rc2 Rb1+ 50. Kh2 Ba4 51. Rxb1 Bxc2
52. Rb6 Be4 0-1

[Event "FIDE Women's Grand Prix"]
[Site "Instanbul TUR"]
[Date "2009.03.18"]
[EventDate "2009.03.07"]
[Round "10"]
[Result "1-0"]
[White "Martha Lorena Fierro Baquero"]
[Black "Shen Yang"]
[WhiteElo "2403"]
[BlackElo "2448"]
[PlyCount "97"]

1. e4 e5 2. Nf3 Nc6 3. Bb5 a6 4. Ba4 Nf6 5. O-O Be7 6. Re1 b5
7. Bb3 d6 8. c3 O-O 9. d3 Na5 10. Bc2 c5 11. Nbd2 Re8 12. Nf1
h6 13. Ng3 Nc6 14. h3 Qc7 15. Nh2 Be6 16. Qf3 d5 17. Ng4 dxe4
18. Nxf6+ Bxf6 19. Qxe4 Rad8 20. d4 g6 21. dxc5 Bg7 22. Bb3
Na5 23. Bxe6 Rxe6 24. Qh4 g5 25. Qg4 Qxc5 26. Be3 Qc4 27. Ne4
Rf8 28. Qf5 Qc6 29. Bc5 Rb8 30. Rad1 Nb7 31. b4 Rd8 32. Rxd8+
Nxd8 33. Rd1 Nb7 34. Rd3 Qe8 35. Kh2 Qc6 36. a3 Qe8 37. g3 Qc6
38. h4 f6 39. Qg6 Qc8 40. Rf3 Qc6 41. hxg5 hxg5 42. Nxg5 Nxc5
43. Qh7+ Kf8 44. bxc5 Re7 45. Ne4 Rf7 46. Qf5 Qd5 47. Qc8+ Ke7
48. Nd6 Rf8 49. Nf5+ 1-0

[Event "FIDE Women's Grand Prix"]
[Site "Instanbul TUR"]
[Date "2009.03.19"]
[EventDate "2009.03.07"]
[Round "11"]
[Result "1/2-1/2"]
[White "Shen Yang"]
[Black "Yifan Hou"]
[WhiteElo "2448"]
[BlackElo "2571"]
[PlyCount "115"]

1. d4 Nf6 2. c4 e6 3. Nc3 Bb4 4. Qc2 d5 5. cxd5 exd5 6. Bg5 c5
7. dxc5 h6 8. Bh4 g5 9. Bg3 Ne4 10. e3 Qa5 11. Nge2 Bf5
12. Be5 O-O 13. Nd4 Nxc3 14. Nxf5 Ne4+ 15. Kd1 Nc6 16. Bd4
Nxd4 17. Nxd4 Rac8 18. c6 Bc5 19. cxb7 Rc7 20. Nb3 Qb6 21. Rc1
Bd6 22. Qe2 Qxb7 23. f3 Nf6 24. Qb5 Rxc1+ 25. Kxc1 Qe7 26. Qd3
Re8 27. Nd4 Qxe3+ 28. Qxe3 Rxe3 29. Bb5 Bf8 30. Kd2 Re7
31. Rc1 Ne8 32. Rc8 Nd6 33. Rb8 Kg7 34. b3 Rc7 35. Bc6 Be7
36. Bxd5 Rc5 37. Be4 Bf6 38. Ne2 Be5 39. Ra8 Ra5 40. a4 Bxh2
41. Bd3 Be5 42. Ke3 h5 43. Bb1 h4 44. f4 Bf6 45. fxg5 Rxg5
46. Kf2 a5 47. Rb8 Rd5 48. b4 Nc4 49. bxa5 Rxa5 50. Rb4 Nb2
51. Bc2 Rc5 52. Be4 Nd1+ 53. Kf3 Nc3 54. Nxc3 Rxc3+ 55. Kf2
Ra3 56. Rc4 Ra2+ 57. Kf3 Ra3+ 58. Kf2 1/2-1/2

[Event "Chinese Championship (Women)"]
[Site "Xinghua Jiangsu CHN"]
[Date "2009.05.26"]
[EventDate "2009.05.26"]
[Round "1"]
[Result "1/2-1/2"]
[White "Shen Yang"]
[Black "Zhao Xue"]
[WhiteElo "2420"]
[BlackElo "2531"]
[PlyCount "133"]

1. e4 c5 2. Nf3 e6 3. d4 cxd4 4. Nxd4 a6 5. Bd3 g6 6. O-O Bg7
7. Nf3 Nc6 8. c4 Nge7 9. Nc3 O-O 10. Bf4 d6 11. Qd2 e5 12. Be3
Nd4 13. Be2 Nec6 14. Nd5 Nxf3+ 15. Bxf3 Nd4 16. Bd1 Be6
17. Bg5 Qb8 18. Rc1 Ra7 19. Be7 Rc8 20. c5 Rxc5 21. Rxc5 dxc5
22. Bxc5 b6 23. Bxb6 Rd7 24. Bxd4 exd4 25. Bb3 Qe5 26. Qd3 Qd6
27. Rc1 Rb7 28. g3 a5 29. Qc4 Rb8 30. Rd1 Bxd5 31. exd5 Bf6
32. Re1 Kg7 33. Kg2 Qb4 34. Rc1 Qxc4 35. Rxc4 d3 36. Kf3 Re8
37. d6 Rd8 38. Rc6 Bxb2 39. Ke4 d2 40. Ra6 Bc3 41. a3 Rb8
42. d7 Bf6 43. Ba4 Be7 44. Rxa5 Kf6 45. Ra6+ Kg7 46. Kd3 Bxa3
47. Kxd2 Be7 48. Ke3 h5 49. h4 Rb2 50. Rc6 Rb4 51. Ra6 Rb6
52. Ra8 Rd6 53. Rc8 Bf6 54. Re8 Bd4+ 55. Ke2 Bb6 56. Rb8 Bc7
57. Rb3 Bd8 58. Ke3 Kf6 59. Rb4 Ke7 60. Kf4 Rf6+ 61. Ke3 Bb6+
62. Ke4 Rd6 63. f3 Bf2 64. g4 hxg4 65. fxg4 Bxh4 66. Rb8 Rxd7
67. Bxd7 1/2-1/2

[Event "Chinese Championship (Women)"]
[Site "Xinghua Jiangsu CHN"]
[Date "2009.05.27"]
[EventDate "2009.05.26"]
[Round "2"]
[Result "0-1"]
[White "Zhang Xiaowen"]
[Black "Shen Yang"]
[WhiteElo "2340"]
[BlackElo "2420"]
[PlyCount "90"]

1. e4 e5 2. Nf3 Nc6 3. Bb5 a6 4. Ba4 Nf6 5. O-O Be7 6. Re1 b5
7. Bb3 O-O 8. h3 Bb7 9. d3 d6 10. a3 h6 11. Nbd2 Re8 12. Nf1
Bf8 13. Ne3 Qd7 14. Nh2 Nd4 15. Ba2 d5 16. c3 Ne6 17. exd5 Nf4
18. c4 c6 19. Neg4 Nxg4 20. Nxg4 cxd5 21. cxb5 Qf5 22. Bxf4
Qxf4 23. bxa6 Rxa6 24. d4 e4 25. Qb3 Ba8 26. Ne5 Rf6 27. Qe3
Qf5 28. Ng4 Rfe6 29. Qe2 Rg6 30. Ne3 Qxh3 31. Qb5 Rd8 32. Rac1
Bd6 33. Kf1 Qh1+ 34. Ke2 Qh5+ 35. Kf1 Bf4 36. Rc3 Kh7 37. Qa5
Rb8 38. b4 Bxe3 39. Rcxe3 Qh1+ 40. Ke2 Qxg2 41. Bxd5 Rg5
42. Qc7 Bxd5 43. Qxb8 Bc4+ 44. Kd1 Qxf2 45. Qe8 f5 0-1

[Event "Chinese Championship (Women)"]
[Site "Xinghua Jiangsu CHN"]
[Date "2009.05.28"]
[EventDate "2009.05.26"]
[Round "3"]
[Result "1-0"]
[White "Shen Yang"]
[Black "Gu Xiaobing"]
[WhiteElo "2420"]
[BlackElo "2336"]
[PlyCount "111"]

1. d4 Nf6 2. c4 g6 3. Nc3 Bg7 4. e4 d6 5. Be2 O-O 6. Nf3 e5
7. O-O Na6 8. Re1 c6 9. Bf1 Bg4 10. d5 c5 11. h3 Bd7 12. Bg5
h6 13. Be3 Ne8 14. Qd2 Kh7 15. Nh2 f5 16. exf5 gxf5 17. f4 Qf6
18. Be2 Rg8 19. Bh5 Bf8 20. a3 Qh4 21. Bf7 Rg7 22. Be6 e4
23. Bxd7 Rxd7 24. Bf2 Qh5 25. Nf1 Nf6 26. Re3 Bg7 27. Nd1 Rg8
28. Rb1 Qg6 29. Ng3 h5 30. Nf1 h4 31. Bxh4 Nh5 32. Bg5 Bd4
33. Kh2 Bxe3 34. Ndxe3 Rf7 35. b4 b6 36. Qd1 Nf6 37. Ng3 Ne8
38. h4 Rgf8 39. Kg1 Kg8 40. Kf2 Qg7 41. Qa4 Nb8 42. Ngxf5 Qc3
43. Re1 Kh7 44. Qd1 Ng7 45. Nxd6 Rxf4+ 46. Bxf4 Rxf4+ 47. Kg1
Qe5 48. bxc5 bxc5 49. Nb7 Rxh4 50. Nf1 Nd7 51. g3 Rh6 52. Qe2
Nf6 53. Nxc5 Nf5 54. Nxe4 Qd4+ 55. Kg2 Ng4 56. Qxg4 1-0

[Event "Chinese Championship (Women)"]
[Site "Xinghua Jiangsu CHN"]
[Date "2009.05.29"]
[EventDate "2009.05.26"]
[Round "4"]
[Result "0-1"]
[White "Zhang Jilin"]
[Black "Shen Yang"]
[WhiteElo "2335"]
[BlackElo "2420"]
[PlyCount "90"]

1. e4 e5 2. Nf3 Nc6 3. d4 exd4 4. Nxd4 Nf6 5. Nxc6 bxc6 6. e5
Qe7 7. Qe2 Nd5 8. c4 Ba6 9. b3 O-O-O 10. Bb2 f6 11. Qe4 Nb6
12. Nd2 fxe5 13. O-O-O Re8 14. Nf3 g6 15. Bd3 Bg7 16. Rhe1
Rhf8 17. Kb1 Bb7 18. Qe3 d6 19. c5 Nd5 20. cxd6 cxd6 21. Qxa7
Qc7 22. Ba6 Bxa6 23. Qxa6+ Kd7 24. Qc4 Rf4 25. Re4 Ref8
26. Rxf4 Rxf4 27. Qe2 Qa5 28. g3 Rf8 29. Ng5 h5 30. Ne4 Qb4
31. Qd3 Rb8 32. Nc3 Ne7 33. f3 d5 34. h3 Ke8 35. g4 hxg4
36. hxg4 Kf7 37. Rh1 Kg8 38. Ne2 Rf8 39. a4 c5 40. Rc1 Rb8
41. Qc3 Qxb3 42. Qxb3 Rxb3 43. Rc3 Rb4 44. Rxc5 e4 45. Rb5
exf3 0-1

[Event "Chinese Championship (Women)"]
[Site "Xinghua Jiangsu CHN"]
[Date "2009.05.30"]
[EventDate "2009.05.26"]
[Round "5"]
[Result "1/2-1/2"]
[White "Shen Yang"]
[Black "Ju Wenjun"]
[WhiteElo "2420"]
[BlackElo "2454"]
[PlyCount "104"]

1. d4 Nf6 2. c4 g6 3. Nc3 Bg7 4. e4 d6 5. Be2 O-O 6. Nf3 e5
7. O-O Nc6 8. d5 Ne7 9. b4 Nh5 10. Re1 f5 11. Ng5 Nf6 12. f3
Kh8 13. Rb1 h6 14. Ne6 Bxe6 15. dxe6 fxe4 16. fxe4 Nc6 17. Nd5
Ng8 18. Bd3 Nd4 19. Qg4 g5 20. h4 Nf6 21. Qg3 Nxe6 22. hxg5
Nxd5 23. gxh6 Bf6 24. exd5 Bh4 25. Qh3 Bxe1 26. dxe6 Bf2+
27. Kh1 Qf6 28. Bd2 Rae8 29. Rf1 Qxe6 30. Qxe6 Rxe6 31. Be4
Rf4 32. Bxf4 exf4 33. Bf5 Rxh6+ 34. Bh3 Bg3 35. Kg1 Rh5
36. Rd1 Re5 37. Kf1 Kg7 38. Bg4 Kf6 39. Bf3 b5 40. cxb5 Rxb5
41. Rd4 a5 42. a3 axb4 43. axb4 Ke6 44. Bc6 Re5 45. Re4 Rxe4
46. Bxe4 d5 47. Bg6 c6 48. Ke2 Bh4 49. Be8 Kd6 50. Kf3 Be1
51. b5 cxb5 52. Bxb5 Ke5 1/2-1/2

[Event "Chinese Championship (Women)"]
[Site "Xinghua Jiangsu CHN"]
[Date "2009.05.31"]
[EventDate "2009.05.26"]
[Round "6"]
[Result "0-1"]
[White "Wang Jue"]
[Black "Shen Yang"]
[WhiteElo "2162"]
[BlackElo "2420"]
[PlyCount "82"]

1. e4 e5 2. Nf3 Nc6 3. Bb5 a6 4. Ba4 Nf6 5. O-O Be7 6. Re1 b5
7. Bb3 O-O 8. c3 d6 9. h3 Na5 10. Bc2 c5 11. d4 Qc7 12. Nbd2
cxd4 13. cxd4 Rd8 14. Nf1 exd4 15. Nxd4 d5 16. e5 Ne4 17. Bf4
Bc5 18. Ne3 Qb6 19. Nf3 Bb7 20. Ng5 h6 21. Nxe4 dxe4 22. Qb1
Nc4 23. Ng4 h5 24. Ne3 Rac8 25. Bg5 Re8 26. Bxe4 Bxe4 27. Qxe4
Rxe5 28. Nxc4 Bxf2+ 29. Kf1 Rxe4 30. Nxb6 Rxe1+ 31. Kxf2 Rxa1
32. Nxc8 Rxa2 33. Bc1 Ra4 34. Nb6 Rd4 35. Ke2 f6 36. Bd2 Kf7
37. Be3 Rd8 38. Kf3 Ke6 39. Ke4 g6 40. g3 Kd6 41. Nd5 f5+ 0-1

[Event "Chinese Championship (Women)"]
[Site "Xinghua Jiangsu CHN"]
[Date "2009.06.02"]
[EventDate "2009.05.26"]
[Round "7"]
[Result "1/2-1/2"]
[White "Shen Yang"]
[Black "Wang Yu"]
[WhiteElo "2420"]
[BlackElo "2364"]
[PlyCount "82"]

1. d4 d5 2. c4 c6 3. Nf3 Nf6 4. Nc3 e6 5. e3 Nbd7 6. Qc2 Bd6
7. Be2 dxc4 8. Bxc4 b5 9. Bd3 Bb7 10. O-O O-O 11. e4 e5 12. h3
exd4 13. Nxd4 Nc5 14. Rd1 b4 15. Na4 Nxd3 16. Qxd3 Qa5 17. Nb3
Qxa4 18. Qxd6 Nxe4 19. Qd7 Bc8 20. Qd4 Bf5 21. Be3 Bg6
22. Rdc1 Rfc8 23. Qc4 c5 24. Nxc5 Nxc5 25. Bxc5 a5 26. a3 Qc6
27. axb4 axb4 28. Rxa8 Qxa8 29. Qxb4 Qd5 30. Re1 h5 31. Bd4
Kh7 32. Bc3 f6 33. Re7 Bf7 34. Kh2 Re8 35. Rc7 Re2 36. Qd4 Kg6
37. b4 Qf5 38. Rc5 Qxf2 39. Qxf2 Rxf2 40. b5 Rf5 41. Rxf5 Kxf5
1/2-1/2

[Event "Chinese Championship (Women)"]
[Site "Xinghua Jiangsu CHN"]
[Date "2009.06.03"]
[EventDate "2009.05.26"]
[Round "8"]
[Result "0-1"]
[White "Wang Xiaohui"]
[Black "Shen Yang"]
[WhiteElo "2265"]
[BlackElo "2420"]
[PlyCount "112"]

1. d4 d5 2. c4 c6 3. Nf3 Nf6 4. Nc3 a6 5. a4 e6 6. e3 Bb4
7. Bd3 O-O 8. O-O Nbd7 9. Bd2 Qe7 10. Qc2 dxc4 11. Bxc4 e5
12. Rfe1 e4 13. Ne5 Nxe5 14. dxe5 Ng4 15. Nxe4 Nxe5 16. Bxb4
Qxb4 17. Ng5 g6 18. Be2 a5 19. Red1 h6 20. Rd4 Qe7 21. Ne4 f5
22. Nc5 Kh7 23. Rad1 b6 24. Nd3 c5 25. Nxe5 cxd4 26. exd4 Bb7
27. Qb3 Rf6 28. Bc4 Rd8 29. h3 Kg7 30. Qc3 Qb4 31. Bb5 Qd6
32. Nc4 Qf8 33. Nxb6 Qe7 34. Re1 Qd6 35. Nc4 Qd5 36. Re7+ Rf7
37. Ne3 Qd6 38. d5+ Qf6 39. Qxf6+ Kxf6 40. Re6+ Kg7 41. d6 f4
42. Nc4 Bd5 43. Re5 Rf5 44. Re7+ Kf6 45. Nxa5 Rxd6 46. Re1 Rg5
47. g4 fxg3 48. f4 Rf5 49. Rf1 Ba8 50. Nc4 Rd4 51. Nb6 Bb7
52. Nd7+ Kg7 53. Re1 Rfxf4 54. a5 Rd2 55. Bf1 Rxd7 56. a6
Rxf1+ 0-1

[Event "Chinese Championship (Women)"]
[Site "Xinghua Jiangsu CHN"]
[Date "2009.06.04"]
[EventDate "2009.05.26"]
[Round "9"]
[Result "1/2-1/2"]
[White "Shen Yang"]
[Black "Tan Zhongyi"]
[WhiteElo "2420"]
[BlackElo "2436"]
[PlyCount "60"]

1. e4 c5 2. Nf3 d6 3. d4 cxd4 4. Nxd4 Nf6 5. Nc3 a6 6. Be2 e6
7. O-O Be7 8. f4 Qc7 9. a4 Nc6 10. Be3 O-O 11. Kh1 Re8 12. Bf3
Bd7 13. Nb3 b6 14. g4 Bc8 15. g5 Nd7 16. Bg2 Bb7 17. Rf3 Nb4
18. Rh3 g6 19. Qd2 Bf8 20. Rf1 Bg7 21. Qf2 Rac8 22. f5 exf5
23. exf5 Bxg2+ 24. Kxg2 Qb7+ 25. Kg1 Rc4 26. fxg6 Ne5
27. gxf7+ Qxf7 28. Qxf7+ Nxf7 29. Bxb6 Rg4+ 30. Rg3 Rxg3+
1/2-1/2

[Event "Chinese Championship (Women)"]
[Site "Xinghua Jiangsu CHN"]
[Date "2009.06.05"]
[EventDate "2009.05.26"]
[Round "10"]
[Result "0-1"]
[White "Xu Tong"]
[Black "Shen Yang"]
[WhiteElo "2231"]
[BlackElo "2420"]
[PlyCount "130"]

1. e4 e5 2. Nf3 Nc6 3. Bb5 a6 4. Ba4 Nf6 5. O-O Be7 6. Re1 b5
7. Bb3 d6 8. c3 O-O 9. d3 Na5 10. Bc2 c5 11. Nbd2 Re8 12. Nf1
h6 13. Ng3 Nc6 14. a4 b4 15. h3 Rb8 16. Nf1 Be6 17. d4 b3
18. Bb1 cxd4 19. cxd4 exd4 20. Nxd4 Nxd4 21. Qxd4 Nd7 22. Bf4
Bf6 23. Qd2 Ne5 24. Bxe5 Bxe5 25. Bd3 Qb6 26. Ne3 Rec8 27. Qe2
Rc5 28. Rab1 Qb4 29. Bxa6 Qxe4 30. Bb5 Qf4 31. g3 Qf6 32. Kg2
Rbc8 33. Bd3 Qd8 34. Kh2 Qd7 35. Bb5 Qa7 36. Rf1 h5 37. h4 g6
38. Kg2 Qb7+ 39. Kh2 Qe4 40. Kg1 R8c7 41. Qd3 Qxd3 42. Bxd3
Bd7 43. a5 Rxa5 44. Nc4 Rac5 45. Nxe5 dxe5 46. Rfe1 Kg7
47. Ra1 Be6 48. Kf1 Rd7 49. Be4 Rd2 50. Rab1 f5 51. Bf3 Rcc2
52. Rxe5 Rxf2+ 53. Kg1 Rxf3 54. Rxe6 Rxg3+ 55. Kh1 Rh3+
56. Kg1 Rxh4 57. Rd1 Rxb2 58. Rdd6 Rg4+ 59. Kh1 Rb1+ 60. Kh2
f4 61. Re7+ Kh6 62. Rf7 Rc1 63. Rb6 Rc3 64. Rfb7 Rgg3 65. Rf7
Rh3+ 0-1

[Event "Chinese Championship (Women)"]
[Site "Xinghua Jiangsu CHN"]
[Date "2009.06.06"]
[EventDate "2009.05.26"]
[Round "11"]
[Result "1-0"]
[White "Shen Yang"]
[Black "Ding Yixin"]
[WhiteElo "2420"]
[BlackElo "2281"]
[PlyCount "93"]

1. d4 d5 2. Nf3 Nf6 3. c4 dxc4 4. e3 e6 5. Bxc4 c5 6. O-O a6
7. a4 Nc6 8. Qe2 cxd4 9. Rd1 Be7 10. exd4 O-O 11. Nc3 Nd5
12. Bb3 Ncb4 13. Ne5 Bd7 14. Qg4 Nf6 15. Qg3 Kh8 16. d5 exd5
17. Nxd5 Nfxd5 18. Bxd5 Bf5 19. Bb3 Qe8 20. Bf4 f6 21. Nc4 Qg6
22. Qxg6 hxg6 23. Bd6 Rae8 24. Re1 Bxd6 25. Nxd6 Rxe1+
26. Rxe1 Kh7 27. g4 Bd7 28. Re3 g5 29. Re7 Bc6 30. Nf5 Re8
31. Rxg7+ Kh8 32. Re7 Rxe7 33. Nxe7 Nd3 34. Nxc6 bxc6 35. Kf1
c5 36. a5 Nxb2 37. Ke2 c4 38. Bc2 c3 39. Bb3 Kg7 40. f3 c2
41. Kd2 Nd3 42. Bxc2 Ne5 43. Kc3 Nxf3 44. Bd3 Nxh2 45. Bxa6
Nxg4 46. Bb5 Ne3 47. Bc6 1-0